| 000 | 01165nam a22002297a 4500 | ||
|---|---|---|---|
| 999 |
_c193 _d193 |
||
| 003 | AR-CdUCM | ||
| 008 | 190222b ||||| |||| 00| 0 spa d | ||
| 040 |
_aMUNICIPALIDAD PROVINCIAL DEL CUSCO _cBIBLIOTECA MUNICIPAL DEL CUSCO |
||
| 082 |
_a869.56 / _bA91 |
||
| 100 |
_aAvendaño, Angel _9875 |
||
| 110 |
_aMunicipalidad del Cusco. _9876 |
||
| 245 |
_aHistoria de la literatura del Qosqo : _bDel tiempo mítico al siglo XX / |
||
| 260 |
_aCusco : _bMunicipalidad del Qosco, _c1993. |
||
| 300 |
_a293-715 páginas ; _c27 cm. |
||
| 505 | _aRetorno a las arcillas: Literatura del siglo XX en el Qosqo -- Luis E. Valcarcel: su despertar Qosqoruna -- José Gabriel Cosio: La leyenda del sabio -- Alberto Delgado: ¿Tardios modernistas...? -- Eustaquio Kallata: Entre el dicterio y la crítica ... | ||
| 505 | _aTomo 3 : Molina, Cristóbal de (el cusqueño) 1529-1585 -- Inca Garcilaso de la Vega 1539-1616 -- Juan Espinoza Medrano 1632-1688 -- Colonia, mujeres y ciencias -- Matto de Turner, Clorinda 1852-1909... | ||
| 650 |
_aHistoria. _9136 |
||
| 650 |
_aLiteratura cusqueña. _9164 |
||
| 650 |
_aPoesía. _9139 |
||
| 942 |
_2ddc _cLIBROS |
||
| 945 |
_amvr _d2019-02-22 |
||